Statistics for Supernatural Characters

Click here to take the quiz!

General Stats

  • This quiz has been taken 721 times
    (565 since last reset)
  • The average score is 15 of 17

Answer Stats

HintAnswer% Correct
Brother's fatherly figureBobby
100%
Oldest BrotherDean
100%
Youngest BrotherSam
100%
Angel in a trench coatCastiel
99%
Brother's FatherJohn
99%
Brother's MotherMary
99%
Demon who offers her own blood to SamRuby
96%
The brother's half-brotherAdam
95%
The first fallen angelLucifer
94%
Yellow eyed demonAzazel
88%
The sassy english demonCrowley
87%
First demon ever madeLilith
87%
Angel that fell from graceAnna
84%
Creator of the ColtSamuel Colt
83%
Female "thief" of supernatural items of valueBela Talbot
67%
Bobby's wifeKaren
46%
First demon you meetMeg
46%

Score Distribution

Percentile by Number Answered

Percent of People with Each Score

Your Score History

You have not taken this quiz since the last reset